| 000 | 00773nam a2200241 i 4500 | ||
|---|---|---|---|
| 001 | bg | ||
| 100 | 1 | _aSEMENOV, Iouri | |
| 245 | 1 | 0 |
_aTeoria projektowania statków : _bćwiczenia projektowe / _cIouri Semenov, Krystyna Sanecka ; Politechnika Szczecińska. Wydział Techniki Morskiej. |
| 260 |
_aSzczecin : _b"Zapol", _c2001. |
||
| 300 |
_a175 s. : _bil. ; _c24 cm. |
||
| 504 | _aBibliogr. przy rozdz. | ||
| 650 | 9 |
_aStatki _xprojekty _xteoria |
|
| 655 | _aPodręczniki akademickie | ||
| 700 | 1 | _aSANECKA, Krystyna | |
| 710 | 0 |
_aPolitechnika Szczecińska _bWydział TEchniki Morskiej |
|
| 020 | _a8387377198 | ||
| 040 | _cBPK | ||
| 041 | 0 | _apol | |
| 080 | _a629.5.01(075.8) | ||
| 920 | _a83-87377-19-8 | ||
| 942 | _cKS | ||
| 008 | s pl f |000 0 pol | ||
| 999 |
_c44585 _d44585 |
||
| 856 |
_uhttp://koha.tu.koszalin.pl/cgi-bin/koha/opac-detail.pl?biblionumber=44585 _yKatalog online BPK |
||